00166nam a22000857a 4500082001300000100000900013245003700022260001300059300000800072 a621.3BHA aBhat aFundamental of Electromegnetics  aCBc1986 a514